000 01003nam a22002417a 4500
999 _c63563
_d63563
005 20240530110648.0
008 171120s2015 ua a g b 001 0 ara d
017 _a2015/1954
_bمصر. دار الكتب
020 _a9789773375140
040 _aEG-CaGPL
_cEG-CaGPL
082 0 4 _221
_a658.3\
_bم م
100 0 _aمحمد كمال مصطفى
245 1 0 _aموسوعة 100 سؤال فى ادارة الموارد البشرية :
_bمع نموذج ارشادى لنظام ادارة الموارد البشرية فى المنظمة /
_cتأليف محمد كمال مصطفى .
250 _aط.1
260 _aالقاهرة :
_bمركز الخبرات المهنية للادارة (ببميك) ،
_c2015 .
300 _a454 ص. ؛
_c24 سم.
504 _aببليوجرافية : ص 451 - 454
650 0 7 _2qrmak
_aالتنمية البشرية
650 0 7 _2qrmak
_aالقوى العاملة
651 _2qrmak
942 _2ddc
_cBK